00455cam a2200157ua 4500001000400000008003900004040000900043082001600052245006300068250000900131260004300140300001800183653002200201653004200223700003200265512110407n ii |||gr||||Z||||||eng cMAIN a327.11609731 aAlliances and american foreign policycby Robert E. Osgood a1st. aCalcutta:bScientific book agency,968. ax, 171p.:0cm. aPolitical science aAlliances and american foreign policy aOsgood, Robert E.,eAuthor.